00756nam a22002417a 450000500170000001000130001702000110003003500130004103700160005404000120007008200130008210000210009524500550011626000360017127000470020730000310025465000240028565000180030970000220032794200220034999900190037195201240039020170124110207.0 aA-898229 c120.00 aA-898229 bCen Lib/Ret aDPLbEN a000bLAL aLal, M.B.937582 aUpkaran's N.T.S.E. /cby M.B. Lal [and] T.S. Jain  aAgra bUpkaran prakashan c1998 a2/11A, Swadeshi Bima nagar bAgra e282002 avarious pagings c22cm(Hb) aLife sience 937583 aChemistry970 aJain, M.B.936547 2ddccENh000mLAL c133316d133316 00104070aLbLd2015-07-25eCen Lib/Retg120.00l0o000 LALpA-898229r2015-07-25 00:00:00t1v120.00w2015-07-25yEN